<?xml version="1.0" encoding="UTF-8"?>
<record
    xmlns:xsi="http://www.w3.org/2001/XMLSchema-instance"
    xsi:schemaLocation="http://www.loc.gov/MARC21/slim http://www.loc.gov/standards/marcxml/schema/MARC21slim.xsd"
    xmlns="http://www.loc.gov/MARC21/slim">

  <leader>00933cam7a220026500 4500</leader>
  <controlfield tag="001">lce00767602</controlfield>
  <controlfield tag="008">740103s1973    enk      b    001 0 eng  </controlfield>
  <datafield tag="010" ind1=" " ind2=" ">
    <subfield code="a">   72008604 //r89</subfield>
  </datafield>
  <datafield tag="015" ind1=" " ind2=" ">
    <subfield code="a">GB***</subfield>
  </datafield>
  <datafield tag="020" ind1=" " ind2=" ">
    <subfield code="a">0471408638</subfield>
    <subfield code="a">0471408646 (pbk.)</subfield>
  </datafield>
  <datafield tag="035" ind1=" " ind2=" ">
    <subfield code="a">(Sirsi) r54304</subfield>
  </datafield>
  <datafield tag="035" ind1=" " ind2=" ">
    <subfield code="a">(DLC)   72008604 //r89</subfield>
  </datafield>
  <datafield tag="035" ind1=" " ind2=" ">
    <subfield code="a">(UPRA)lce00767602</subfield>
  </datafield>
  <datafield tag="040" ind1=" " ind2=" ">
    <subfield code="d">ICU</subfield>
  </datafield>
  <datafield tag="050" ind1="0" ind2=" ">
    <subfield code="a">QH505</subfield>
    <subfield code="b">.H56 1973</subfield>
  </datafield>
  <datafield tag="082" ind1=" " ind2=" ">
    <subfield code="a">574.1/91</subfield>
  </datafield>
  <datafield tag="100" ind1="1" ind2=" ">
    <subfield code="a">Holwill, M. E. J. (Michael E. J.)</subfield>
    <subfield code="q">Holwill, M. E. J. (Michael E. J.)</subfield>
    <subfield code="6">A13024.1</subfield>
  </datafield>
  <datafield tag="245" ind1="1" ind2="0">
    <subfield code="a">Introduction to biological physics</subfield>
    <subfield code="c">[by] M. E. J. Holwill and N. R. Silvester.</subfield>
  </datafield>
  <datafield tag="260" ind1=" " ind2=" ">
    <subfield code="a">London, New York,</subfield>
    <subfield code="a">London, New York,</subfield>
    <subfield code="b">J. Wiley</subfield>
    <subfield code="c">[1973]</subfield>
  </datafield>
  <datafield tag="504" ind1=" " ind2=" ">
    <subfield code="a">Includes bibliographies.</subfield>
  </datafield>
  <datafield tag="650" ind1=" " ind2="0">
    <subfield code="a">Biophysics.</subfield>
    <subfield code="6">S8766.1</subfield>
  </datafield>
  <datafield tag="700" ind1="1" ind2=" ">
    <subfield code="a">Silvester, N. R. (Norman R.).</subfield>
    <subfield code="q">Silvester, N. R. (Norman R.).</subfield>
    <subfield code="6">A13025.1</subfield>
  </datafield>
  <datafield tag="949" ind1=" " ind2=" ">
    <subfield code="a">QH505</subfield>
    <subfield code="w">lcc</subfield>
    <subfield code="i">33729000328158</subfield>
    <subfield code="m">MAIN</subfield>
    <subfield code="p">2500</subfield>
    <subfield code="t">BOOK</subfield>
    <subfield code="l">ON-SHELF</subfield>
  </datafield>
  <controlfield tag="004">54304</controlfield>
  <datafield tag="999" ind1=" " ind2=" ">
    <subfield code="c">140513</subfield>
    <subfield code="d">140514</subfield>
  </datafield>
</record>
